History Quiz

Random History or Art Quiz
Score 0/15 Timer 10:00
4 Plays Today
% Correct
Claude Monet
95.2%
Pablo Picasso
95.2%
Andy Warhol
89.4%
Vincent Van Gogh
80.5%
Leonardo Da Vinci
77.1%
Jackson Pollock
57.4%
Rembrandt van Rijn
53.6%
Salvador Dalí
47.1%
% Correct
Édouard Manet
46.8%
Johannes Vermeer
37.3%
Henri Matisse
33.7%
Wassily Kandinsky
27.8%
Pierre-Auguste Renoir
25%
Paul Cézanne
23%
Titian
17.1%
Remove Ads.
Support Sporcle.
Get the best of Sporcle when you Go Orange. This ad-free experience offers more features, more stats, and more fun while also helping to support Sporcle. Thank you for becoming a member.

You're not logged in!

Compare scores with friends on all Sporcle quizzes.
OR
Log In

Show Comments

Extras

Top Quizzes Today


Score Distribution

Your Account Isn't Verified!

In order to create a playlist on Sporcle, you need to verify the email address you used during registration. Go to your Sporcle Settings to finish the process.

Report this User

Report this user for behavior that violates our Community Guidelines.

Details: